10 największych wsi z każdego powiatu w województwie Podlaskim - Statystyki

Ogólne statystyki
  • Ten quiz został rozwiązany 11 razy
  • Średni wynik to 14 z 140
Statystyki odpowiedzi
Msc. Powiat Wieś Liczba mieszkańców % Poprawnych
1. Bielski Boćki 1263
40%
2. Białostocki Grabówka 4403
40%
5. Białostocki Gródek 2334
40%
2. Hajnowski Białowieża 1620
30%
1. Hajnowski Czeremcha 2020
30%
10. Białostocki Dobrzyniewo Duże 1816
30%
2. Sokólski Janów 754
30%
1. Białostocki Kleosin 4871
30%
3. Hajnowski Narew 1399
30%
4. Hajnowski Narewka 832
30%
3. Bielski Orla 851
30%
2. Augustowski Bargłów Kościelny 755
20%
9. Zambrowski Długobórz 460
20%
5. Hajnowski Dubiny 776
20%
9. Białostocki Fasty 1819
20%
2. Suwalski Filipów 2070
20%
4. Kolneński Grabowo 710
20%
5. Siemiatycki Grodzisk 551
20%
4. Białostocki Klepacze 2395
20%
2. Wysokomazowiecki Klukowo 552
20%
6. Zambrowski Kołaki Kościelne 475
20%
7. Sokólski Korycin 519
20%
2. Sejneński Krasnopol 1149
20%
6. Wysokomazowiecki Kulesze Kościelne 379
20%
1. Sokólski Kuźnica 1624
20%
6. Hajnowski Lipiny 380
20%
1. Kolneński Mały Płock 923
20%
7. Białostocki Nowodworce 2039
20%
6. Sokólski Nowy Dwór 524
20%
1. Łomżyński Piątnica Poduchowna 1743
20%
5. Suwalski Płociczno - Tartak 787
20%
1. Sejneński Puńsk 1352
20%
1. Suwalski Raczki 2195
20%
2. Grajewski Radziłów 1020
20%
4. Sokólski Sidra 548
20%
8. Białostocki Sobolewo 1952
20%
1. Wysokomazowiecki Sokoły 1522
20%
1. Augustowski Sztabin 1029
20%
3. Sokólski Szudziałowo 656
20%
2. Zambrowski Szumowo 1081
20%
6. Moniecki Trzcianne 521
20%
3. Białostocki Zaścianki 2844
20%
5. Łomżyński Zbójna 1199
20%
3. Suwalski Bakałarzewo 863
10%
5. Kolneński Borkowo 698
10%
3. Kolneński Czerwone 889
10%
3. Sejneński Giby 538
10%
3. Wysokomazowiecki Jabłoń Kościelna 421
10%
9. Kolneński Janowo 470
10%
2. Moniecki Jasionówka 691
10%
8. Moniecki Jaświły 456
10%
7. Suwalski Jeleniewo 649
10%
7. Siemiatycki Kąty 340
10%
7. Kolneński Kąty 556
10%
4. Grajewski Klimaszewnica 510
10%
1. Moniecki Krypno Wielkie 963
10%
8. Suwalski Krzywe 616
10%
6. Białostocki Księżyno - Kolonia 2218
10%
7. Łomżyński Miastkowo 1082
10%
2. Siemiatycki Mielnik 799
10%
3. Siemiatycki Milejczyce 707
10%
8. Hajnowski Nowosady 364
10%
1. Siemiatycki Nurzec - Stacja 1510
10%
9. Hajnowski Orzeszkowo 353
10%
5. Augustowski Płaska 381
10%
4. Suwalski Przerośl 812
10%
2. Bielski Rudka 1047
10%
1. Zambrowski Rutki - Kossaki 1211
10%
6. Łomźyński Śniadowo 1107
10%
6. Bielski Strabla 491
10%
6. Kolneński Turośl 684
10%
1. Grajewski Wąsosz 1108
10%
9. Sokólski Wierzchlesie 313
10%
6. Suwalski Wiżajny 740
10%
4. Łomżyński Wizna 1239
10%
9. Bielski Wyszki 327
10%
2. Kolneński Zabiele 898
10%
9. Moniecki Zabiele 454
10%
4. Bielski Augustowo 582
0%
8. Siemiatycki Baciki Bliższe 314
0%
6. Augustowski Bargłów Dworny 378
0%
8. Sejneński Berżniki 198
0%
10. Grajewski Białaszewo 336
0%
8. Sokólski Bogusze 473
0%
10. Wysokomazowiecki Bruszewo 298
0%
7. Moniecki Brzozowa 468
0%
4. Siemiatycki Czartajew 688
0%
9. Wysokomazowiecki Dąbrówka Kościelna 346
0%
3. Moniecki Długołęka 657
0%
10. Siemiatycki Dołubowo 295
0%
10. Augustowski Dreństwo 326
0%
10. Łomzyński Giełczyn 664
0%
4. Zambrowski Grądy - Woniecko 784
0%
3. Augustowski Janówka 450
0%
8. Wysokomazowiecki Jeńki 348
0%
9. Augustowski Jeziorki 327
0%
7. Hajnowski Klejniki 367
0%
9. Sejneński Klejwy 196
0%
7. Augustowski Kolnica 339
0%
3. Łomżyński Konarzyce 1314
0%
5. Wysokomazowiecki Kozarze 383
0%
10. Sokólski Kraśniany 301
0%
8. Kolneński Ksebki 475
0%
10. Kolneński Łacha 468
0%
3. Grajewski Ławsk 530
0%
5. Sejneński Maćkowa Ruda 217
0%
9. Suwalski Mała Huta 428
0%
7. Bielski Mień 397
0%
5. Moniecki Mikicin 564
0%
4. Sejneński Mikołajewo 241
0%
7. Zambrowski Nagórki - Jabłoń 472
0%
7. Grajewski Niećkowo 363
0%
10. Moniecki Nowa Wieś 433
0%
10. Suwalski Okuniowiec 425
0%
10. Zambrowski Pęchratka Polska 410
0%
10. Bielski Piliki 318
0%
9. Łomżynski Podgórze 669
0%
6. Sejneński Pogorzelec 204
0%
8. Bielski Popławy 394
0%
8. Zambrowski Poryte - Jabłoń 471
0%
7. Wysokomazowiecki Rosochate Kościelne 358
0%
6. Grajewski Ruda 410
0%
4. Moniecki Ruda 587
0%
8. Augustowski Rutki Nowe 330
0%
10. Hajnowski Siemianówka 341
0%
9. Siemiatycki Słochy Annopolskie 297
0%
9. Grajewski Słucz 352
0%
5. Zambrowski Srebrna 645
0%
5. Sokólski Stara kamionka 530
0%
2. Łomżyński Stare Kupiski 1552
0%
4. Augustowski Szczebra 382
0%
4. Wysokomazowiecki Szepietowo - Wawrzyńce 398
0%
7. Sejneński Szlinokiemie 200
0%
5. Bielski Widowo 551
0%
8. Grajewski Wojewodzin 356
0%
3. Zambrowski Wola Zambrowska 799
0%
5. Grajewski Woźnawieś 478
0%
8. Łomżyński Wygoda 677
0%
10. Sejneński Zaleskie 195
0%
6. Siemiatycki Żurobice 347
0%
Nie znaleziono quizów pasujących do podanych kryteriów
Rozkład punktacji
Procent ludzi z każdym wynikiem
Percentyl według liczby udzielonych odpowiedzi
Twoja historia wyników
Nie rozwiązałeś tego quizu